000 00763nam a2200241 i 4500
003 DO-SdBNP
005 20240412092612.0
007 ta
008 240412b2004 dr ao||| |||| 00| 0 spa d
020 _a9945850717
040 _aDO-SdBNP
_bspa
_cBNPHU
_erda
082 4 _222
245 0 4 _aLas hidroeléctricas :
_bimágenes /
_ccoordinación general, Solsiret Calderón
264 _aSanto Domingo :
_bCDEEE ;
_bEGEHID,
_c2004.
300 _a244 páginas :
_bilustraciones, fotografías ;
_c32 cm.
336 _2rdacontent
_atexto
_btxt
337 _2rdamedia
_asin mediación
_bn
338 _2rdacarrier
_avolumen
_bnc
590 _aInventariado, 2024/BT
700 _aCalderón, Solsiret,
_ecoordinación general
_985204
910 _aBtavárez
942 _2ddc
_cLBS1
999 _c56361
_d56361